[Event "Mate Postal 25 A"]
[Site "email"]
[Date "2000.07.01"]
[Round "?"]
[White "Savchur, Fiodor"]
[Black "Mercadal Benejam, Josep"]
[Result "1-0"]
[WhiteElo "2518"]
[BlackElo "2514"]
[PlyCount "93"]
[EventDate "2000.07.01"]
[EventType "tourn (corr)"]
[EventRounds "14"]
[EventCountry "ESP"]
[SourceTitle "Corr 2024"]
[Source "ChessBase"]
[SourceDate "2023.10.19"]
[SourceVersion "1"]
[SourceVersionDate "2023.10.19"]
[SourceQuality "1"]
[BlackTeam "Wales"]
[BlackTeamCountry "WLS"]

1. d4 Nf6 2. Nf3 d5 3. c4 c6 4. e3 e6 5. Nc3 Nbd7 6. Bd3 dxc4 7. Bxc4 b5 8. Bd3 Bb7 9. e4 b4 10. Na4 c5 11. e5 Nd5 12. 0-0 cxd4 13. Re1 g6 14. Bg5 Qa5 15. Nxd4 a6 16. a3 bxa3 17. bxa3 Bg7 18. Bd2 Qd8 19. Rb1 Rb8 20. Rxb7 Rxb7 21. Bxa6 Qa8 22. Bxb7 Qxb7 23. f4 Qa7 24. Bb4 Bh6 25. Kh1 Nxb4 26. axb4 Bxf4 27. Nb5 Qb8 28. Nd6+ Ke7 29. Nc5 Nxe5 30. Qd4 Qxd6 31. Qxf4 Ra8 32. h3 Nc6 33. Qh4+ Ke8 34. Qxh7 Ra2 35. Rf1 Ne5 36. Qh8+ Ke7 37. Qh4+ Kf8 38. Rc1 Nf3 39. Nxe6+ Qxe6 40. Qh8+ Ke7 41. gxf3 Rd2 42. Rc7+ Rd7 43. Qh4+ f6 44. Qh7+ Kd8 45. Rxd7+ Qxd7 46. Qxd7+ Kxd7 47. Kg2 1-0